AH International Schools' Libraries

Always brave (KHMER) / (Record no. 48944)

MARC details
000 -LEADER
fixed length control field 00279nam a2200109 4500
020 ## - INTERNATIONAL STANDARD BOOK NUMBER
International Standard Book Number 9789924518228
100 ## - MAIN ENTRY--PERSONAL NAME
Personal name Mao, Winna
9 (RLIN) 86332
245 ## - TITLE STATEMENT
Title Always brave (KHMER) /
Statement of responsibility, etc Winna Mao
260 ## - PUBLICATION, DISTRIBUTION, ETC. (IMPRINT)
Place of publication, distribution, etc Cambodia
Name of publisher, distributor, etc Comics Art
Date of publication, distribution, etc 2024
300 ## - PHYSICAL DESCRIPTION
Extent 16 p.
Other physical details col. ill.
Dimensions 20 cm.
942 ## - ADDED ENTRY ELEMENTS (KOHA)
Source of classification or shelving scheme
Koha item type Book
Holdings
Withdrawn status Lost status Source of classification or shelving scheme Damaged status Not for loan Collection code Home library Current library Shelving location Date acquired Total Checkouts Full call number Barcode Checked out Date last seen Date checked out Price effective from Koha item type
          Siem Riep Asian Hope Early Years Library Asian Hope Early Years Library Easy Reading 05/23/2025 12 KHMER E MAO 208012 04/02/2026 04/02/2026 04/02/2026 05/23/2025 Book

For any Logos Library related questions please contact Miss Art at swongnarasuk@asianhope.org.

For any Asian Hope Library related questions please contact Miss Raza at graza@asianhope.org.

Powered by Koha